000 00392nam a2200169 i 4500
001 bg
100 1 _aBuksiński, Tadeusz.
245 0 _aRysunek techniczny /
_cT. Buksiński, A. Szpecht.
250 _aWyd.12.
260 _aWarszawa,
_c1971.
700 1 _aSzpecht, Antoni.
040 _cBPK
041 _apol
080 _a744
942 _cKS
008 s pl f |000 0 pol
999 _c7492
_d7492
856 _uhttp://koha.tu.koszalin.pl/cgi-bin/koha/opac-detail.pl?biblionumber=7492
_yKatalog online BPK